Biology investigations : (Record no. 3001)
[ view plain ]
| 000 -LEADER | |
|---|---|
| fixed length control field | 00579nam a22001937a 4500 |
| 003 - CONTROL NUMBER IDENTIFIER | |
| control field | OSt |
| 005 - DATE AND TIME OF LATEST TRANSACTION | |
| control field | 20160105144349.0 |
| 008 - FIXED-LENGTH DATA ELEMENTS--GENERAL INFORMATION | |
| fixed length control field | 130622t xxu||||| |||| 00| 0 eng d |
| 020 ## - INTERNATIONAL STANDARD BOOK NUMBER | |
| International Standard Book Number | 9781876659387 |
| 050 ## - LIBRARY OF CONGRESS CALL NUMBER | |
| Classification number | QH 317 |
| Item number | .B598 2008 |
| 082 ## - DEWEY DECIMAL CLASSIFICATION NUMBER | |
| Classification number | IB 574 |
| Item number | B49 2008 |
| 100 ## - MAIN ENTRY--PERSONAL NAME | |
| Personal name | Billiet, Paul |
| 245 ## - TITLE STATEMENT | |
| Title | Biology investigations : |
| Statement of responsibility, etc | Paul Billiet, Deborah James, Antony Mayrhofer |
| Remainder of title | for use with the IB diploms programme |
| 250 ## - EDITION STATEMENT | |
| Edition statement | 3rd ed. |
| 260 ## - PUBLICATION, DISTRIBUTION, ETC. (IMPRINT) | |
| Place of publication, distribution, etc | Victoria, Australia : |
| Name of publisher, distributor, etc | IBID Press, |
| Date of publication, distribution, etc | c2008. |
| 300 ## - PHYSICAL DESCRIPTION | |
| Extent | 103 p. |
| Other physical details | ill. ; |
| Dimensions | 30 cm. |
| 942 ## - ADDED ENTRY ELEMENTS (KOHA) | |
| Source of classification or shelving scheme | Library of Congress Classification |
| Koha item type | Books |
| Withdrawn status | Lost status | Source of classification or shelving scheme | Damaged status | Home library | Current library | Shelving location | Date acquired | Total Checkouts | Total Renewals | Full call number | Barcode | Date last seen | Date checked out | Copy number | Price effective from | Koha item type |
|---|---|---|---|---|---|---|---|---|---|---|---|---|---|---|---|---|
| Library of Congress Classification | Luxembourg Library | Luxembourg Library | International Baccalaureate Section | 06/22/2013 | 7 | 21 | QH 317 .B598 2008 | IB0039 | 12/11/2020 | 02/06/2020 | 1 | 06/22/2013 | Books |